000 00830nam a2200241 i 4500
001 189049
003 SpMaBN
005 20240103182744.0
008 190325s2009 cc a |||| | spa d
020 _a978-7-80200-645-4
080 _a003.324.1(091)
080 _a811.581'373.6
245 0 0 _aCinco milenios de caracteres chinos
_b= Han zi wu qian nian /
_c[asesor general, Xu Jialu ; director, Xu Lin ; redactores, Mai Tianshu ... (et al.)].
246 3 1 _aHan zi wu qian nian
250 _a1ยช ed.
260 _aBeijing :
_bSinolingua,
_c2009.
300 _a183 p. :
_bil. col. y n., mapas ;
_c23 cm.
650 7 _aEscritura china-
_vHistoria.
_9166689
650 7 _aLengua china.
_914111
852 _aES-MaACL
_jA-14439
_9196186
_bR.151841
_cDEPO1
_dOlim: N-7439
942 _2udc
_cMONOGRAFIA
999 _c189049
_d189049